| 000 | 01148nam a2200313 a 4500 | ||
|---|---|---|---|
| 999 |
_c1238 _d1238 |
||
| 001 | 012399903 | ||
| 003 | UkOxU | ||
| 005 | 20221227104700.0 | ||
| 008 | 930601r19941951nyuab j 000 1 eng | ||
| 010 | _a93011514 /AC | ||
| 020 | _a9780064471053 | ||
| 020 | _a0060234849 (lib. bdg.) | ||
| 020 | _a0064471055 pbk | ||
| 020 | _a0064471195 (set) | ||
| 040 |
_aDLC _cDLC _dDLC _dKH8 |
||
| 082 | 0 | 0 |
_aFIC LEW _220 |
| 100 | 1 |
_aLewis, C. S. _q(Clive Staples), _d1898-1963. _eAuthor |
|
| 245 | 1 | 0 |
_aPrince Caspian : _bthe return to Narnia / _cC.S. Lewis ; illustrated by Pauline Baynes. |
| 250 | _a1st Harper Trophy ed. | ||
| 260 |
_aNew York : _bHarperTrophy, _c1994. |
||
| 300 |
_a238 p. : _bill., map ; _c18 cm. |
||
| 490 | 1 |
_aThe Chronicles of Narnia ; _vbk. 4 |
|
| 500 | _aOriginally published: London : G. Bless, 1951. | ||
| 500 | _aAlso issued in slip-case. | ||
| 520 | _aFour children help Prince Caspian and his army of Talking Beasts to free Narnia from evil. | ||
| 700 | 1 |
_aBaynes, Pauline. _eIllustrator |
|
| 800 | 1 |
_aLewis, C. S. _q(Clive Staples), _d1898-1963. _tChronicles of Narnia (HarperTrophy (Firm)) ; _vbk. 4. |
|
| 942 |
_2ddc _cFIC |
||